Sędziowie TS - Statystyki

Ogólne statystyki
  • Ten quiz został rozwiązany 4 razy
  • Średni wynik to 2 z 19
Statystyki odpowiedzi
Hint Odpowiedź % Poprawnych
Przewodniczący TS Małgorzata Manowska
100%
Członek TS Józef Zych
50%
Członek TS Adam Koczyk
0%
Członek TS Adrian Salus
0%
Zastępca przew. TS Jacek Dubois
0%
Członek TS Jan Majchrowski
0%
Członek TS Kamila Ferenc
0%
Członek TS Maciej Miłosz
0%
Członek TS Maciej Zaborowski
0%
Członek TS Marcin Radwan-Rohrenscheff
0%
Członek TS Marcin Wawrzyniak
0%
Członek TS Marek Czeszkiewicz
0%
Członek TS Marek Małecki
0%
Członek TS Marek Mikołajczyk
0%
Zastępca przew. TS Piotr Andrzejewski
0%
Członek TS Piotr Sak
0%
Członek TS Piotr Zientarski
0%
Członek TS Przemysław Rosati
0%
Członek TS Sabina Grabowska
0%
Nie znaleziono quizów pasujących do podanych kryteriów
Rozkład punktacji
Procent ludzi z każdym wynikiem
Percentyl według liczby udzielonych odpowiedzi
Twoja historia wyników
Nie rozwiązałeś tego quizu